[Event "Королевский Гамбит. Южный Федеральный округ."]
[Date "2025-11-21"]
[Round "1.2"]
[Board "2"]
[White "Данильченко Борис"]
[WhiteElo "1000"]
[Black "Коростылев Марк"]
[BlackElo "1000"]
[WebSite "https://www.chessopen.ru"]
[GameId "8f9291f4-a029-4c9a-9959-b2c35c53cc83"]
[Result "0-1"]

1. e4 { [%clk 0:09:56] } e5 { [%clk 0:10:01] } 2. Nf3 { [%clk 0:09:54] } Nc6 {
[%clk 0:10:01] } 3. Nc3 { [%clk 0:09:51] } Nf6 { [%clk 0:10:03] } 4. Bc4 {
[%clk 0:09:46] } Bc5 { [%clk 0:10:03] } 5. d3 { [%clk 0:09:43] } d6 { [%clk
0:10:03] } 6. Be3 { [%clk 0:09:44] } Bxe3 { [%clk 0:09:58] } 7. fxe3 { [%clk
0:09:36] } O-O { [%clk 0:09:58] } 8. O-O { [%clk 0:09:33] } Ng4 { [%clk
0:09:51] } 9. h3 { [%clk 0:09:32] } Nxe3 { [%clk 0:09:51] } 10. Qe2 { [%clk
0:09:25] } Nxf1 { [%clk 0:09:50] } 11. Rxf1 { [%clk 0:09:22] } Na5 { [%clk
0:09:35] } 12. Nd5 { [%clk 0:09:20] } c6 { [%clk 0:09:28] } 13. Ne3 { [%clk
0:09:05] } Nxc4 { [%clk 0:09:14] } 14. dxc4 { [%clk 0:09:03] } Bd7 { [%clk
0:09:00] } 15. Nf5 { [%clk 0:08:45] } Qb6+ { [%clk 0:08:55] } 16. Ne3 { [%clk
0:08:29] } Qxb2 { [%clk 0:08:27] } 17. Qd1 { [%clk 0:08:07] } Qb6 { [%clk
0:08:11] } 18. Re1 { [%clk 0:07:46] } Qc5 { [%clk 0:08:00] } 19. Qd3 { [%clk
0:07:15] } b5 { [%clk 0:07:40] } 20. cxb5 { [%clk 0:07:12] } cxb5 { [%clk
0:07:40] } 21. Ng5 { [%clk 0:06:38] } h6 { [%clk 0:07:31] } 22. Nf3 { [%clk
0:06:30] } f5 { [%clk 0:07:29] } 23. exf5 { [%clk 0:06:28] } Bxf5 { [%clk
0:07:15] } 24. Qxf5 { [%clk 0:06:10] } Rxf5 { [%clk 0:07:14] } 25. g4 { [%clk
0:05:56] } Rxf3 { [%clk 0:07:12] } 26. Kg2 { [%clk 0:05:43] } Rxe3 { [%clk
0:07:08] } 27. Rxe3 { [%clk 0:05:44] } Qxe3 { [%clk 0:07:09] } 28. h4 { [%clk
0:05:33] } Rf8 { [%clk 0:07:08] } 29. Kh2 { [%clk 0:05:32] } Qf2+ { [%clk
0:07:05] } 30. Kh1 { [%clk 0:05:33] } Qf1+ { [%clk 0:07:05] } 31. Kh2 { [%clk
0:05:34] } Rf2+ { [%clk 0:07:00] } 32. Kg3 { [%clk 0:05:34] } Qg2# { [%clk
0:07:00] } 0-1

[Event "Королевский Гамбит. Южный Федеральный округ."]
[Date "2025-11-21"]
[Round "1.2"]
[Board "2"]
[White "Дьяченко Владислав"]
[WhiteElo "1000"]
[Black "Олейников Александр"]
[BlackElo "1000"]
[WebSite "https://www.chessopen.ru"]
[GameId "5e8dd6ce-cb16-4484-b59a-d491b2b4ba1f"]
[Result "0-1"]

1. e4 { [%clk 0:09:58] } e5 { [%clk 0:10:00] } 2. Nf3 { [%clk 0:09:59] } Nc6 {
[%clk 0:09:55] } 3. Nc3 { [%clk 0:10:00] } Nf6 { [%clk 0:09:55] } 4. Bc4 {
[%clk 0:10:00] } Bc5 { [%clk 0:09:47] } 5. d3 { [%clk 0:09:58] } O-O { [%clk
0:09:45] } 6. Bg5 { [%clk 0:09:58] } h6 { [%clk 0:09:43] } 7. Bh4 { [%clk
0:09:59] } Bb4 { [%clk 0:09:34] } 8. a3 { [%clk 0:09:55] } Bxc3+ { [%clk
0:09:26] } 9. bxc3 { [%clk 0:09:53] } d6 { [%clk 0:09:12] } 10. Bd5 { [%clk
0:09:54] } Bd7 { [%clk 0:09:05] } 11. O-O { [%clk 0:09:51] } Bg4 { [%clk
0:08:42] } 12. h3 { [%clk 0:09:51] } Bxf3 { [%clk 0:08:37] } 13. Qxf3 { [%clk
0:09:50] } Rc8 { [%clk 0:07:49] } 14. Rae1 { [%clk 0:09:36] } Qe8 { [%clk
0:07:26] } 15. d4 { [%clk 0:09:34] } exd4 { [%clk 0:07:19] } 16. cxd4 { [%clk
0:09:35] } Nxd4 { [%clk 0:07:08] } 17. Rb1 { [%clk 0:09:38] } Nxf3+ { [%clk
0:07:06] } 18. gxf3 { [%clk 0:09:39] } Qd7 { [%clk 0:06:49] } 19. Rxb7 { [%clk
0:09:32] } Qxh3 { [%clk 0:06:44] } 20. Bc4 { [%clk 0:09:20] } Qxh4 { [%clk
0:06:40] } 21. Rfb1 { [%clk 0:09:17] } Qg5+ { [%clk 0:06:34] } 22. Kf1 { [%clk
0:09:17] } Qh4 { [%clk 0:06:23] } 23. Ke1 { [%clk 0:09:10] } Qh1+ { [%clk
0:06:13] } 24. Kd2 { [%clk 0:08:49] } Qxb1 { [%clk 0:06:12] } 25. Rxb1 { [%clk
0:08:49] } Rb8 { [%clk 0:06:07] } 26. Rc1 { [%clk 0:08:43] } Nd7 { [%clk
0:05:50] } 27. e5 { [%clk 0:08:30] } Nxe5 { [%clk 0:05:47] } 28. f4 { [%clk
0:08:33] } Nxc4+ { [%clk 0:05:48] } 29. Kd3 { [%clk 0:08:29] } Nxa3 { [%clk
0:05:45] } 30. f5 { [%clk 0:08:24] } Rb1 { [%clk 0:05:31] } 31. Rxb1 { [%clk
0:08:20] } Nxb1 { [%clk 0:05:29] } 32. c3 { [%clk 0:08:19] } h5 { [%clk
0:05:14] } 33. Ke3 { [%clk 0:08:14] } h4 { [%clk 0:05:14] } 34. Kf3 { [%clk
0:08:11] } Nxc3 { [%clk 0:05:12] } 35. Kg4 { [%clk 0:08:03] } Ne4 { [%clk
0:05:08] } 36. Kxh4 { [%clk 0:08:03] } Nxf2 { [%clk 0:04:58] } 37. Kg5 { [%clk
0:08:03] } f6+ { [%clk 0:04:55] } 38. Kg6 { [%clk 0:08:02] } Ne4 { [%clk
0:04:41] } 39. Kh5 { [%clk 0:07:56] } Ng3+ { [%clk 0:04:35] } 40. Kg4 { [%clk
0:07:54] } Ne2 { [%clk 0:04:26] } 41. Kf3 { [%clk 0:07:50] } Re8 { [%clk
0:04:23] } 42. Kf2 { [%clk 0:07:46] } Nd4 { [%clk 0:04:17] } 43. Kg3 { [%clk
0:07:46] } Re3+ { [%clk 0:04:15] } 44. Kf2 { [%clk 0:07:44] } Re5 { [%clk
0:04:07] } 45. Kg3 { [%clk 0:07:42] } Rxf5 { [%clk 0:04:07] } 46. Kg4 { [%clk
0:07:42] } Kf7 { [%clk 0:04:00] } 47. Kg3 { [%clk 0:07:38] } Re5 { [%clk
0:03:58] } 48. Kf4 { [%clk 0:07:38] } Ke6 { [%clk 0:03:57] } 49. Kg4 { [%clk
0:07:36] } Kf7 { [%clk 0:03:55] } 50. Kf4 { [%clk 0:07:36] } Nc6 { [%clk
0:03:55] } 51. Kf3 { [%clk 0:07:34] } Ra5 { [%clk 0:03:54] } 52. Ke3 { [%clk
0:07:34] } Ra4 { [%clk 0:03:54] } 53. Kd3 { [%clk 0:07:34] } Ke6 { [%clk
0:03:56] } 54. Kc3 { [%clk 0:07:36] } Rh4 { [%clk 0:03:56] } 55. Kd3 { [%clk
0:07:35] } Ke5 { [%clk 0:03:57] } 56. Ke3 { [%clk 0:07:36] } Rh3+ { [%clk
0:03:58] } 57. Kf2 { [%clk 0:07:37] } Kf4 { [%clk 0:03:59] } 58. Kg2 { [%clk
0:07:36] } Ra3 { [%clk 0:03:57] } 59. Kf2 { [%clk 0:07:36] } Ra2+ { [%clk
0:03:57] } 60. Ke1 { [%clk 0:07:37] } Kf3 { [%clk 0:03:58] } 61. Kd1 { [%clk
0:07:38] } Rh2 { [%clk 0:03:59] } 62. Kc1 { [%clk 0:07:39] } Ke3 { [%clk
0:04:00] } 63. Kd1 { [%clk 0:07:40] } Rg2 { [%clk 0:04:00] } 64. Kc1 { [%clk
0:07:40] } Kd3 { [%clk 0:04:01] } 65. Kb1 { [%clk 0:07:41] } Kc3 { [%clk
0:04:03] } 66. Ka1 { [%clk 0:07:42] } Kb3 { [%clk 0:04:04] } 67. Kb1 { [%clk
0:07:44] } Rg1# { [%clk 0:04:04] } 0-1

[Event "Королевский Гамбит. Южный Федеральный округ."]
[Date "2025-11-21"]
[Round "1.2"]
[Board "2"]
[White "Забелло Дмитрий"]
[WhiteElo "1000"]
[Black "Краль Ян"]
[BlackElo "1000"]
[WebSite "https://www.chessopen.ru"]
[GameId "7bd68942-b364-45b7-8a12-b30552bddcd4"]
[Result "0-1"]

1. e4 { [%clk 0:09:58] } e6 { [%clk 0:10:01] } 2. Bc4 { [%clk 0:09:57] } d5 {
[%clk 0:10:02] } 3. exd5 { [%clk 0:09:58] } exd5 { [%clk 0:10:05] } 4. Bd3 {
[%clk 0:09:56] } Nf6 { [%clk 0:10:05] } 5. Qe2+ { [%clk 0:09:56] } Be7 { [%clk
0:10:06] } 6. Bb5+ { [%clk 0:09:46] } c6 { [%clk 0:10:06] } 7. Bd3 { [%clk
0:09:40] } O-O { [%clk 0:10:06] } 8. Nf3 { [%clk 0:09:39] } Re8 { [%clk
0:10:05] } 9. O-O { [%clk 0:09:23] } Bc5 { [%clk 0:10:02] } 10. Ng5 { [%clk
0:09:09] } Rxe2 { [%clk 0:10:00] } 11. Bxe2 { [%clk 0:08:56] } h6 { [%clk
0:09:59] } 12. Nh3 { [%clk 0:08:36] } Nbd7 { [%clk 0:09:54] } 13. Bd3 { [%clk
0:08:09] } Ne5 { [%clk 0:09:53] } 14. Be2 { [%clk 0:08:00] } Bxh3 { [%clk
0:09:52] } 15. gxh3 { [%clk 0:08:00] } Qd7 { [%clk 0:09:51] } 16. Nc3 { [%clk
0:07:04] } Qxh3 { [%clk 0:09:50] } 17. Kh1 { [%clk 0:05:57] } Nfg4 { [%clk
0:09:42] } 18. Bxg4 { [%clk 0:05:47] } Nxg4 { [%clk 0:09:43] } 19. Rd1 { [%clk
0:04:47] } Qxh2# { [%clk 0:09:44] } 0-1

[Event "Королевский Гамбит. Южный Федеральный округ."]
[Date "2025-11-21"]
[Round "1.2"]
[Board "2"]
[White "Игнатьев Тимофей"]
[WhiteElo "1000"]
[Black "Хачатуров Илья"]
[BlackElo "1000"]
[WebSite "https://www.chessopen.ru"]
[GameId "cf7cf698-4662-4c3c-bcdc-26dc9fc8413c"]
[Result "0-1"]

1. e4 { [%clk 0:09:50] } e5 { [%clk 0:10:00] } 2. Bc4 { [%clk 0:09:46] } Nc6 {
[%clk 0:10:00] } 3. Qh5 { [%clk 0:09:42] } Qf6 { [%clk 0:09:55] } 4. Nf3 {
[%clk 0:09:31] } d6 { [%clk 0:09:45] } 5. O-O { [%clk 0:09:27] } Be7 { [%clk
0:09:29] } 6. d3 { [%clk 0:09:19] } g6 { [%clk 0:09:27] } 7. Qh4 { [%clk
0:09:00] } Qxh4 { [%clk 0:09:26] } 8. Nxh4 { [%clk 0:08:57] } Bxh4 { [%clk
0:09:29] } 9. Nc3 { [%clk 0:08:51] } Nge7 { [%clk 0:09:21] } 10. Bh6 { [%clk
0:08:38] } Bf6 { [%clk 0:09:17] } 11. Rae1 { [%clk 0:08:31] } Rg8 { [%clk
0:09:17] } 12. Re3 { [%clk 0:08:29] } g5 { [%clk 0:09:17] } 13. Rf3 { [%clk
0:08:23] } Rg6 { [%clk 0:08:17] } 14. Nb5 { [%clk 0:08:02] } Kd7 { [%clk
0:08:02] } 15. Bf8 { [%clk 0:07:18] } a6 { [%clk 0:07:42] } 16. Bxe7 { [%clk
0:07:12] } Nxe7 { [%clk 0:07:32] } 17. Nc3 { [%clk 0:07:08] } Ke8 { [%clk
0:07:26] } 18. Nd5 { [%clk 0:06:45] } Nxd5 { [%clk 0:07:26] } 19. Bxd5 { [%clk
0:06:46] } c6 { [%clk 0:07:23] } 20. Bc4 { [%clk 0:06:41] } Be6 { [%clk
0:07:20] } 21. Bxe6 { [%clk 0:06:40] } fxe6 { [%clk 0:07:23] } 22. c3 { [%clk
0:06:32] } Ke7 { [%clk 0:07:19] } 23. d4 { [%clk 0:06:33] } Rag8 { [%clk
0:07:19] } 24. dxe5 { [%clk 0:06:32] } Bxe5 { [%clk 0:07:20] } 25. b4 { [%clk
0:06:22] } g4 { [%clk 0:07:19] } 26. Rg3 { [%clk 0:06:19] } Bxg3 { [%clk
0:07:18] } 27. hxg3 { [%clk 0:06:20] } d5 { [%clk 0:07:18] } 28. Rd1 { [%clk
0:06:02] } Kd6 { [%clk 0:07:16] } 29. a4 { [%clk 0:05:55] } b5 { [%clk 0:07:13]
} 30. a5 { [%clk 0:05:50] } Ke5 { [%clk 0:07:12] } 31. c4 { [%clk 0:05:44] }
bxc4 { [%clk 0:07:06] } 32. Rc1 { [%clk 0:05:41] } Kd4 { [%clk 0:07:05] } 33.
Rd1+ { [%clk 0:05:40] } Kc3 { [%clk 0:07:04] } 34. Rxd5 { [%clk 0:05:41] } cxd5
{ [%clk 0:07:01] } 35. exd5 { [%clk 0:05:41] } exd5 { [%clk 0:07:04] } 36. b5 {
[%clk 0:05:42] } axb5 { [%clk 0:07:05] } 37. f3 { [%clk 0:05:33] } gxf3 { [%clk
0:07:04] } 38. gxf3 { [%clk 0:05:32] } Rxg3+ { [%clk 0:07:05] } 39. Kf1 { [%clk
0:05:26] } Kd2 { [%clk 0:07:05] } 40. a6 { [%clk 0:05:25] } Rg1+ { [%clk
0:07:06] } 41. Kf2 { [%clk 0:05:22] } R8g2# { [%clk 0:07:07] } 0-1

[Event "Королевский Гамбит. Южный Федеральный округ."]
[Date "2025-11-21"]
[Round "1.2"]
[Board "2"]
[White "Кобызев Артём"]
[WhiteElo "1000"]
[Black "Любимов Иван"]
[BlackElo "990"]
[WebSite "https://www.chessopen.ru"]
[GameId "593950c8-084a-48a9-9b1e-2ae59bca3995"]
[Result "0-1"]

1. e4 { [%clk 0:09:59] } e5 { [%clk 0:10:00] } 2. Nf3 { [%clk 0:10:00] } Nf6 {
[%clk 0:09:59] } 3. Nc3 { [%clk 0:10:00] } Bb4 { [%clk 0:09:56] } 4. Bc4 {
[%clk 0:10:00] } Nc6 { [%clk 0:09:42] } 5. h3 { [%clk 0:09:56] } Qe7 { [%clk
0:09:35] } 6. O-O { [%clk 0:09:54] } O-O { [%clk 0:09:31] } 7. a3 { [%clk
0:09:54] } Bxc3 { [%clk 0:09:28] } 8. bxc3 { [%clk 0:09:48] } Qc5 { [%clk
0:09:06] } 9. Qe2 { [%clk 0:09:31] } Na5 { [%clk 0:08:56] } 10. a4 { [%clk
0:09:24] } Nxc4 { [%clk 0:08:53] } 11. Ba3 { [%clk 0:09:16] } Nxa3 { [%clk
0:08:50] } 12. Ne1 { [%clk 0:09:04] } c6 { [%clk 0:08:10] } 13. a5 { [%clk
0:08:58] } b6 { [%clk 0:08:03] } 14. a6 { [%clk 0:08:55] } Qb5 { [%clk 0:07:49]
} 15. Qxb5 { [%clk 0:08:51] } cxb5 { [%clk 0:07:49] } 16. Rxa3 { [%clk 0:08:50]
} Nxe4 { [%clk 0:07:41] } 17. Nf3 { [%clk 0:08:44] } Nc5 { [%clk 0:07:28] } 18.
Raa1 { [%clk 0:08:36] } Bxa6 { [%clk 0:07:16] } 19. Nxe5 { [%clk 0:08:27] }
Rad8 { [%clk 0:06:55] } 20. Rae1 { [%clk 0:08:21] } f6 { [%clk 0:06:42] } 21.
Ng4 { [%clk 0:08:14] } Rde8 { [%clk 0:06:38] } 22. Rxe8 { [%clk 0:08:12] } Rxe8
{ [%clk 0:06:39] } 23. Ne3 { [%clk 0:08:06] } b4 { [%clk 0:06:30] } 24. cxb4 {
[%clk 0:08:03] } Bxf1 { [%clk 0:06:31] } 25. Kxf1 { [%clk 0:07:59] } Ne4 {
[%clk 0:06:24] } 26. Nd5 { [%clk 0:07:56] } Nxd2+ { [%clk 0:06:21] } 27. Kg1 {
[%clk 0:07:52] } Re1+ { [%clk 0:06:09] } 28. Kh2 { [%clk 0:07:52] } Ne4 { [%clk
0:06:02] } 29. Ne7+ { [%clk 0:07:46] } Kf7 { [%clk 0:05:59] } 30. Nf5 { [%clk
0:07:41] } g6 { [%clk 0:05:57] } 31. Nh6+ { [%clk 0:07:40] } Kg7 { [%clk
0:05:55] } 32. Ng4 { [%clk 0:07:38] } f5 { [%clk 0:05:54] } 33. Ne5 { [%clk
0:07:37] } d6 { [%clk 0:05:52] } 34. Nd7 { [%clk 0:07:36] } Kf7 { [%clk
0:05:50] } 35. Ne5+ { [%clk 0:07:16] } Ke6 { [%clk 0:05:50] } 36. Ng4 { [%clk
0:07:12] } h5 { [%clk 0:05:48] } 37. Nh6 { [%clk 0:07:13] } Nxf2 { [%clk
0:05:35] } 38. Kg3 { [%clk 0:07:12] } Ne4+ { [%clk 0:05:34] } 39. Kh2 { [%clk
0:07:07] } Nf6 { [%clk 0:05:27] } 40. Ng8 { [%clk 0:07:06] } Nxg8 { [%clk
0:05:28] } 41. b5 { [%clk 0:06:53] } a5 { [%clk 0:05:17] } 42. Kg3 { [%clk
0:06:51] } a4 { [%clk 0:05:16] } 43. c3 { [%clk 0:06:48] } a3 { [%clk 0:05:16]
} 44. Kf3 { [%clk 0:06:48] } a2 { [%clk 0:05:16] } 45. Kf2 { [%clk 0:06:47] }
a1=Q { [%clk 0:05:16] } 46. Kg3 { [%clk 0:06:47] } Qxc3+ { [%clk 0:05:14] } 47.
Kh4 { [%clk 0:06:45] } Qf6+ { [%clk 0:05:08] } 48. Kg3 { [%clk 0:06:39] } h4+ {
[%clk 0:05:05] } 49. Kf4 { [%clk 0:06:35] } Qb2 { [%clk 0:04:54] } 50. g3 {
[%clk 0:06:33] } Qxb5 { [%clk 0:04:52] } 51. gxh4 { [%clk 0:06:31] } Re4+ {
[%clk 0:04:48] } 52. Kg5 { [%clk 0:06:21] } f4+ { [%clk 0:04:46] } 53. Kxg6 {
[%clk 0:06:14] } Qe8+ { [%clk 0:04:44] } 54. Kh7 { [%clk 0:06:07] } Qf7+ {
[%clk 0:04:41] } 55. Kh8 { [%clk 0:06:06] } Re5 { [%clk 0:04:39] } 56. h5 {
[%clk 0:06:03] } Rxh5# { [%clk 0:04:39] } 0-1

[Event "Королевский Гамбит. Южный Федеральный округ."]
[Date "2025-11-21"]
[Round "1.2"]
[Board "2"]
[White "Рочвак Артём"]
[WhiteElo "1000"]
[Black "Медведев Назар"]
[BlackElo "1000"]
[WebSite "https://www.chessopen.ru"]
[GameId "b0bed904-b5ee-40df-8e1a-bf251a142ef5"]
[Result "1-0"]

1. e4 { [%clk 0:09:57] } e5 { [%clk 0:09:59] } 2. Nf3 { [%clk 0:09:57] } Nf6 {
[%clk 0:09:58] } 3. Bc4 { [%clk 0:09:44] } Qe7 { [%clk 0:09:50] } 4. Ng5 {
[%clk 0:09:38] } Ng4 { [%clk 0:09:40] } 5. Bxf7+ { [%clk 0:09:35] } Kd8 { [%clk
0:09:36] } 6. Qxg4 { [%clk 0:09:34] } d6 { [%clk 0:09:24] } 7. Qh4 { [%clk
0:09:23] } Qf6 { [%clk 0:09:11] } 8. Bc4 { [%clk 0:09:05] } h6 { [%clk 0:09:02]
} 9. Nf7+ { [%clk 0:09:05] } Ke7 { [%clk 0:08:55] } 10. Qxf6+ { [%clk 0:09:04]
} gxf6 { [%clk 0:08:54] } 11. Nxh8 { [%clk 0:09:02] } Nc6 { [%clk 0:08:43] }
12. Ng6+ { [%clk 0:08:58] } Kd7 { [%clk 0:08:40] } 13. Nxf8+ { [%clk 0:08:57] }
Ke7 { [%clk 0:08:37] } 14. Ng6+ { [%clk 0:08:57] } Kd7 { [%clk 0:08:36] } 15.
O-O { [%clk 0:08:56] } Nd4 { [%clk 0:08:31] } 16. a4 { [%clk 0:08:45] } Ne2+ {
[%clk 0:08:28] } 17. Bxe2 { [%clk 0:08:36] } Kc6 { [%clk 0:08:23] } 18. Ne7+ {
[%clk 0:08:32] } Kd7 { [%clk 0:08:21] } 19. Nxc8 { [%clk 0:08:31] } Rxc8 {
[%clk 0:08:19] } 20. Bg4+ { [%clk 0:08:06] } Kd8 { [%clk 0:08:10] } 21. Bxc8 {
[%clk 0:07:56] } Kxc8 { [%clk 0:07:28] } 22. Nc3 { [%clk 0:07:56] } h5 { [%clk
0:07:24] } 23. Rd1 { [%clk 0:07:43] } c5 { [%clk 0:07:20] } 24. Nb5 { [%clk
0:07:38] } Kd7 { [%clk 0:07:09] } 25. Nxa7 { [%clk 0:07:33] } c4 { [%clk
0:06:53] } 26. d4 { [%clk 0:07:30] } exd4 { [%clk 0:06:44] } 27. Rxd4 { [%clk
0:07:30] } Kc7 { [%clk 0:06:38] } 28. Rxc4+ { [%clk 0:07:19] } Kb6 { [%clk
0:06:38] } 29. Nc8+ { [%clk 0:07:16] } Ka5 { [%clk 0:06:18] } 30. Nxd6 { [%clk
0:07:13] } Kb6 { [%clk 0:06:02] } 31. a5+ { [%clk 0:07:11] } Ka7 { [%clk
0:05:56] } 32. Nc8+ { [%clk 0:07:08] } Ka6 { [%clk 0:05:52] } 33. b4 { [%clk
0:07:06] } Kb5 { [%clk 0:05:42] } 34. Rc7 { [%clk 0:06:59] } Kxb4 { [%clk
0:05:39] } 35. Rxb7+ { [%clk 0:07:00] } Kc4 { [%clk 0:05:36] } 36. a6 { [%clk
0:07:01] } Kd4 { [%clk 0:05:34] } 37. a7 { [%clk 0:07:01] } Kxe4 { [%clk
0:05:31] } 38. a8=Q { [%clk 0:06:58] } h4 { [%clk 0:05:28] } 39. Re7+ { [%clk
0:06:47] } Kf5 { [%clk 0:05:22] } 40. Ra5+ { [%clk 0:06:46] } Kg6 { [%clk
0:05:13] } 41. Qe4+ { [%clk 0:06:44] } f5 { [%clk 0:04:52] } 42. Qxf5# { [%clk
0:06:44] } 1-0

[Event "Королевский Гамбит. Южный Федеральный округ."]
[Date "2025-11-21"]
[Round "1.3"]
[Board "3"]
[White "Бездорожный Мирослав"]
[WhiteElo "1000"]
[Black "Моисеенко Александр"]
[BlackElo "1000"]
[WebSite "https://www.chessopen.ru"]
[GameId "cbbb2448-2248-4c97-ab30-4f044ec4b2c0"]
[Result "0-1"]

1. e4 { [%clk 0:09:56] } e5 { [%clk 0:09:59] } 2. Nf3 { [%clk 0:09:56] } Nc6 {
[%clk 0:10:00] } 3. Nc3 { [%clk 0:09:56] } Nf6 { [%clk 0:09:52] } 4. Bb5 {
[%clk 0:09:56] } d6 { [%clk 0:09:51] } 5. Bxc6+ { [%clk 0:09:57] } bxc6 { [%clk
0:09:50] } 6. d3 { [%clk 0:09:58] } c5 { [%clk 0:09:51] } 7. Bg5 { [%clk
0:09:50] } Be7 { [%clk 0:09:49] } 8. Bxf6 { [%clk 0:09:50] } Bxf6 { [%clk
0:09:50] } 9. h4 { [%clk 0:09:51] } Bg4 { [%clk 0:09:49] } 10. g3 { [%clk
0:09:41] } O-O { [%clk 0:09:42] } 11. O-O { [%clk 0:09:39] } h6 { [%clk
0:09:38] } 12. Nd5 { [%clk 0:09:28] } c6 { [%clk 0:09:35] } 13. Nxf6+ { [%clk
0:09:23] } Qxf6 { [%clk 0:09:35] } 14. Kg2 { [%clk 0:09:09] } Bxf3+ { [%clk
0:09:32] } 15. Qxf3 { [%clk 0:09:09] } Qg6 { [%clk 0:09:32] } 16. c4 { [%clk
0:08:58] } Rab8 { [%clk 0:09:32] } 17. Rab1 { [%clk 0:08:57] } Rfc8 { [%clk
0:09:28] } 18. g4 { [%clk 0:08:47] } h5 { [%clk 0:09:28] } 19. Qg3 { [%clk
0:08:42] } hxg4 { [%clk 0:09:27] } 20. a3 { [%clk 0:08:28] } Rb6 { [%clk
0:09:23] } 21. b4 { [%clk 0:08:23] } cxb4 { [%clk 0:09:20] } 22. axb4 { [%clk
0:08:24] } Rcb8 { [%clk 0:09:18] } 23. Rg1 { [%clk 0:08:06] } a5 { [%clk
0:09:16] } 24. Kh2 { [%clk 0:07:49] } Rxb4 { [%clk 0:09:09] } 25. Rxb4 { [%clk
0:07:48] } axb4 { [%clk 0:09:09] } 26. Kg2 { [%clk 0:07:30] } b3 { [%clk
0:09:09] } 27. Rh1 { [%clk 0:07:19] } b2 { [%clk 0:09:10] } 28. h5 { [%clk
0:07:11] } Qg5 { [%clk 0:09:07] } 29. Qh4 { [%clk 0:06:59] } Qxh4 { [%clk
0:09:05] } 30. Rxh4 { [%clk 0:07:00] } b1=Q { [%clk 0:09:04] } 31. Rh1 { [%clk
0:06:58] } Qxd3 { [%clk 0:09:04] } 32. Rh3 { [%clk 0:06:56] } Qxh3+ { [%clk
0:09:04] } 33. Kg1 { [%clk 0:06:56] } Rb1# { [%clk 0:09:03] } 0-1

[Event "Королевский Гамбит. Южный Федеральный округ."]
[Date "2025-11-21"]
[Round "1.3"]
[Board "3"]
[White "Гладышев Константин"]
[WhiteElo "1000"]
[Black "Курочкин Артём"]
[BlackElo "1000"]
[WebSite "https://www.chessopen.ru"]
[GameId "7c13b736-bbb0-4a66-957e-448c37a801db"]
[Result "1-0"]

1. e4 { [%clk 0:09:45] } d6 { [%clk 0:09:59] } 2. d4 { [%clk 0:09:46] } a5 {
[%clk 0:09:59] } 3. Nc3 { [%clk 0:09:48] } Nf6 { [%clk 0:09:57] } 4. Nf3 {
[%clk 0:09:47] } a4 { [%clk 0:09:59] } 5. a3 { [%clk 0:09:42] } Ra5 { [%clk
0:09:57] } 6. Bd2 { [%clk 0:09:42] } Nc6 { [%clk 0:09:57] } 7. Nb5 { [%clk
0:09:43] } Nxe4 { [%clk 0:09:46] } 8. Bxa5 { [%clk 0:09:44] } b6 { [%clk
0:09:45] } 9. Bc3 { [%clk 0:09:40] } g6 { [%clk 0:09:34] } 10. d5 { [%clk
0:09:40] } Nb8 { [%clk 0:09:24] } 11. Bxh8 { [%clk 0:09:36] } Ba6 { [%clk
0:09:01] } 12. Qd4 { [%clk 0:09:25] } e5 { [%clk 0:08:54] } 13. Qxe4 { [%clk
0:09:25] } Bxb5 { [%clk 0:08:51] } 14. Bxb5+ { [%clk 0:09:26] } c6 { [%clk
0:08:47] } 15. dxc6 { [%clk 0:09:27] } Bh6 { [%clk 0:08:11] } 16. c7+ { [%clk
0:09:24] } Nd7 { [%clk 0:07:08] } 17. cxd8=Q+ { [%clk 0:09:21] } Kxd8 { [%clk
0:07:04] } 18. Qh4+ { [%clk 0:09:20] } Kc7 { [%clk 0:07:02] } 19. Qxh6 { [%clk
0:09:21] } e4 { [%clk 0:06:56] } 20. Bxd7 { [%clk 0:09:19] } Kxd7 { [%clk
0:06:56] } 21. Qxh7 { [%clk 0:09:17] } Ke7 { [%clk 0:06:54] } 22. O-O-O { [%clk
0:09:17] } d5 { [%clk 0:06:50] } 23. Rxd5 { [%clk 0:09:18] } exf3 { [%clk
0:06:49] } 24. Re1+ { [%clk 0:09:18] } Kf8 { [%clk 0:06:37] } 25. Qg7# { [%clk
0:09:20] } 1-0

[Event "Королевский Гамбит. Южный Федеральный округ."]
[Date "2025-11-21"]
[Round "1.3"]
[Board "3"]
[White "Дружинин Артём"]
[WhiteElo "1000"]
[Black "Панкратов Никита"]
[BlackElo "1000"]
[WebSite "https://www.chessopen.ru"]
[GameId "be730185-61c6-422e-8f53-9b936c0d30ea"]
[Result "1-0"]

1. d3 { [%clk 0:10:00] } d5 { [%clk 0:09:59] } 2. d4 { [%clk 0:10:01] } e6 {
[%clk 0:09:56] } 3. Bf4 { [%clk 0:10:01] } Bb4+ { [%clk 0:09:53] } 4. c3 {
[%clk 0:10:01] } Be7 { [%clk 0:09:49] } 5. Nd2 { [%clk 0:10:01] } Nf6 { [%clk
0:09:44] } 6. e3 { [%clk 0:10:00] } Nbd7 { [%clk 0:09:36] } 7. Ngf3 { [%clk
0:10:01] } Nb6 { [%clk 0:09:06] } 8. Bd3 { [%clk 0:10:04] } Bd7 { [%clk
0:08:57] } 9. O-O { [%clk 0:09:57] } O-O { [%clk 0:08:54] } 10. Qc2 { [%clk
0:09:23] } Nh5 { [%clk 0:08:51] } 11. Bg3 { [%clk 0:09:15] } Nxg3 { [%clk
0:08:40] } 12. hxg3 { [%clk 0:09:14] } Re8 { [%clk 0:08:10] } 13. Ne5 { [%clk
0:09:12] } Bc6 { [%clk 0:07:55] } 14. Bxh7+ { [%clk 0:09:01] } Kh8 { [%clk
0:07:51] } 15. Nxf7# { [%clk 0:08:44] } 1-0